[Event "4ème Open des Basses Vallées Angevines"]
[Site "Cantenay-Epinard"]
[Date "2015.12.19"]
[Round "3.19"]
[White "Dimpre, Alexis"]
[Black "Boulart, Emilie"]
[Result "0-1"]
[WhiteElo "1280"]
[BlackElo "1545"]
[PlyCount "116"]
[EventDate "2015.12.??"]
[EventRounds "5"]
[WhiteTeam "L'Echiquier Angevin"]
[BlackTeam "Carquefou Echecs"]

1. e4 c5 2. Nc3 g6 3. Nf3 Bg7 4. Bc4 Nc6 5. d3 Nf6 6. O-O O-O 7. h3 a6 8. Bg5
b5 9. Bd5 Bb7 10. Qd2 d6 11. Bh6 Nxd5 12. Bxg7 Kxg7 13. exd5 Nb4 14. a3 Nxd5
15. Nxd5 Bxd5 16. d4 Bxf3 17. gxf3 Rc8 18. dxc5 Rxc5 19. c3 Qd7 20. Kh2 Qf5 21.
Rfe1 Re5 22. Qd4 f6 23. f4 Re6 24. Re3 Rc8 25. b3 Rxe3 26. Qxe3 Kf7 27. Re1 Qd7
28. a4 Rc7 29. Qb6 Qc6 30. Qxc6 Rxc6 31. axb5 axb5 32. Rc1 b4 33. c4 Ra6 34. c5
Rc6 35. Rc4 dxc5 36. f3 e6 37. Kg3 h6 38. h4 h5 39. Rc1 Ke7 40. Ra1 Kd7 41.
Ra7+ Rc7 42. Ra8 Ke7 43. Rg8 Kf7 44. Rd8 f5 45. Rd6 c4 46. bxc4 Rxc4 47. Rb6
Ke7 48. Rb7+ Kd6 49. Rb6+ Kd5 50. Rb5+ Kc6 51. Re5 b3 52. Rxe6+ Kb5 53. Rxg6 b2
54. Rg5 b1=Q 55. Rxf5+ Qxf5 56. Kg2 Qxf4 57. Kg1 Rc2 58. Kf1 Qc1# 0-1

[Event "4ème Open des Basses Vallées Angevines"]
[Site "Cantenay-Epinard"]
[Date "2015.12.19"]
[Round "3.20"]
[White "Adam, Flavia"]
[Black "Salmon, Vivien"]
[Result "1-0"]
[WhiteElo "1541"]
[BlackElo "1060"]
[PlyCount "87"]
[EventDate "2015.12.??"]
[EventRounds "5"]
[WhiteTeam "Club d'Echecs d'Avoine"]
[BlackTeam "La Cavale du Fou"]

1. d4 d5 2. c4 c6 3. Nc3 Nf6 4. Nf3 Bf5 5. cxd5 cxd5 6. Qb3 b6 7. Bg5 e6 8. e3
a6 9. Nh4 g6 10. Nxf5 gxf5 11. Bxf6 Qxf6 12. Qxb6 Nd7 13. Qc6 Rb8 14. Bxa6 Rb6
15. Qc8+ Qd8 16. Qxd8+ Kxd8 17. Bb5 e5 18. Bxd7 Kxd7 19. Nxd5 Rxb2 20. O-O Kd6
21. Nc3 exd4 22. exd4 Rc2 23. Rac1 Rd2 24. a4 Kc6 25. Nb1+ Kd5 26. Nxd2 Kxd4
27. Nb3+ Kd5 28. Rc8 Kd6 29. a5 Kd7 30. Rfc1 Ba3 31. Rxh8 Bxc1 32. Nxc1 Kc7 33.
Rxh7 Kb7 34. Rh6 f6 35. Rxf6 f4 36. Rb6+ Ka7 37. h4 f3 38. gxf3 Ka8 39. h5 Ka7
40. h6 Ka8 41. h7 Ka7 42. Kg2 Ka8 43. h8=Q+ Ka7 44. Qb8# 1-0

[Event "4ème Open des Basses Vallées Angevines"]
[Site "Cantenay-Epinard"]
[Date "2015.12.19"]
[Round "3.21"]
[White "Giua, Louka"]
[Black "Andre, Emmanuel"]
[Result "0-1"]
[WhiteElo "1169"]
[BlackElo "1538"]
[PlyCount "68"]
[EventDate "2015.12.??"]
[EventRounds "5"]
[WhiteTeam "Club d'Echecs d'Avoine"]
[BlackTeam "Chevau-légers de la Choisille"]

1. e4 c5 2. Nc3 Nc6 3. g3 e6 4. Bg2 Nf6 5. d3 h6 6. f4 d6 7. Nf3 Be7 8. h3 O-O
9. Be3 Nh5 10. g4 Nf6 11. O-O Nh7 12. Qe1 e5 13. f5 Nd4 14. Bxd4 cxd4 15. Nd5
Bd7 16. Nxe7+ Qxe7 17. Qg3 Rac8 18. Rac1 Bc6 19. h4 f6 20. h5 d5 21. Nh4 Be8
22. exd5 b6 23. Rfe1 Bf7 24. Qf2 Rfe8 25. c3 dxc3 26. Rxc3 Qd7 27. Qf3 Ng5 28.
Qg3 Bxd5 29. Rec1 Rxc3 30. Rxc3 e4 31. dxe4 Bxe4 32. Bxe4 Nxe4 33. Rc7 Qd1+ 34.
Kg2 Nxg3 0-1

[Event "4ème Open des Basses Vallées Angevines"]
[Site "Cantenay-Epinard"]
[Date "2015.12.19"]
[Round "3.22"]
[White "Legendre, Aurelien"]
[Black "Garreau, Matheo"]
[Result "0-1"]
[WhiteElo "1241"]
[BlackElo "1460"]
[PlyCount "100"]
[EventDate "2015.12.??"]
[EventRounds "5"]
[WhiteTeam "Le Club d'Echecs des Basses Vallées Angevines"]
[BlackTeam "Le Club d'Echecs des Basses Vallées Angevines"]

1. e4 c6 2. Bc4 d5 3. exd5 cxd5 4. Bb3 Nf6 5. d3 Bg4 6. Nf3 e6 7. Bf4 Nc6 8. c3
Bd6 9. Bg5 O-O 10. O-O h6 11. Be3 Qc7 12. Nbd2 Bxh2+ 13. Kh1 Bf4 14. Re1 Rfe8
15. Qc2 Rad8 16. Nd4 Bxe3 17. Nxc6 Qxc6 18. Rxe3 Bf5 19. Nf3 Qc7 20. Ne5 Ng4
21. Nxg4 Bxg4 22. Rg3 Bf5 23. Qe2 Qe7 24. Qh5 Bg6 25. Qg4 Qf6 26. Rf3 Qg5 27.
Qb4 Qe7 28. Qd4 b6 29. Re1 Qc5 30. Qf4 Qd6 31. Qg4 Bf5 32. Qh5 Bg6 33. Qg4 h5
34. Qg5 Kh7 35. Bd1 f6 36. Qh4 Qe7 37. Rfe3 f5 38. Qxe7 Rxe7 39. Rxe6 Rxe6 40.
Rxe6 Rd7 41. Re3 Kh6 42. Bb3 Bf7 43. Re5 g6 44. c4 dxc4 45. Bxc4 Bxc4 46. dxc4
Kg5 47. f3 Kf4 48. Re2 Kg3 49. Re6 Rd1+ 50. Re1 Rxe1# 0-1

[Event "4ème Open des Basses Vallées Angevines"]
[Site "Cantenay-Epinard"]
[Date "2015.12.19"]
[Round "3.23"]
[White "Chauveau, Theo"]
[Black "Leguillon, Jean-Paul"]
[Result "0-1"]
[WhiteElo "1099"]
[BlackElo "1446"]
[PlyCount "40"]
[EventDate "2015.12.??"]
[EventRounds "5"]
[WhiteTeam "La Cavale du Fou"]
[BlackTeam "Le Club d'Echecs des Basses Vallées Angevines"]

1. e4 e5 2. Nf3 Nc6 3. Nc3 Nf6 4. d4 exd4 5. Nxd4 Ne5 6. Bf4 d6 7. Ndb5 a6 8.
Na3 Be7 9. Bg5 h6 10. Bxf6 Bxf6 11. Nd5 O-O 12. b4 c6 13. Nxf6+ Qxf6 14. b5
axb5 15. Qc1 Re8 16. Qb2 Qg5 17. g3 Nf3+ 18. Ke2 Bg4 19. Bg2 Rxe4+ 20. Kd1 Qd2#
0-1

[Event "4ème Open des Basses Vallées Angevines"]
[Site "Cantenay-Epinard"]
[Date "2015.12.19"]
[Round "3.24"]
[White "Legeay, Julie"]
[Black "Potiron, Nathan"]
[Result "0-1"]
[WhiteElo "1096"]
[BlackElo "1388"]
[PlyCount "116"]
[EventDate "2015.12.??"]
[EventRounds "5"]
[WhiteTeam "Club d'Echecs de la Bruffière"]
[BlackTeam "Club d'Echecs de la Bruffière"]

1. Nf3 f5 2. g3 d5 3. Bg2 e6 4. O-O Nf6 5. d3 Be7 6. c4 c6 7. cxd5 cxd5 8. Nc3
a6 9. e3 O-O 10. Rb1 Nc6 11. a3 a5 12. Bd2 Rb8 13. Nb5 Bd7 14. Nbd4 Bc5 15. Nc2
Qe7 16. b4 axb4 17. axb4 Bd6 18. b5 Ne5 19. Nxe5 Bxe5 20. Re1 Rfc8 21. Bf3 Bc3
22. e4 fxe4 23. dxe4 Qc5 24. Bxc3 Qxc3 25. Nd4 Rc4 26. Nxe6 Bxe6 27. exd5 Rd4
28. Qe2 Bxd5 29. Bxd5+ Rxd5 30. Qe6+ Kh8 31. Rec1 Re5 32. Qd6 Qf3 33. Qxb8+ Re8
34. Rc8 Qe4 35. Rxe8+ Nxe8 36. Kf1 Qxb1+ 37. Kg2 Qe4+ 38. Kf1 g6 39. f3 Qe7 40.
Kg2 Kg7 41. Qf4 Qe2+ 42. Kh3 Qxb5 43. Qd4+ Nf6 44. g4 Qd5 45. Qc3 Qc6 46. Qb3
b5 47. Kg3 Qc4 48. Qb2 Kf7 49. Kf2 b4 50. Ke3 Qc3+ 51. Qxc3 bxc3 52. Kd3 Ke6
53. Kxc3 Ke5 54. Kd3 Kf4 55. Ke2 Nd5 56. Kf2 Ne3 57. h4 Nxg4+ 58. fxg4 Kxg4 0-1

[Event "4ème Open des Basses Vallées Angevines"]
[Site "Cantenay-Epinard"]
[Date "2015.12.19"]
[Round "3.25"]
[White "Lucazeau, Alain"]
[Black "Aumont, Tom"]
[Result "0-1"]
[WhiteElo "1508"]
[BlackElo "1713"]
[PlyCount "34"]
[EventDate "2015.12.??"]
[EventRounds "5"]
[WhiteTeam "La Tour Mayennaise"]
[BlackTeam "La Cavale du Fou"]

1. d4 f5 2. Nc3 Nf6 3. g3 g6 4. Bg2 Bg7 5. Nf3 O-O 6. O-O d6 7. Re1 Nc6 8. Bg5
e5 9. d5 Ne7 10. e4 fxe4 11. Nxe4 Nxe4 12. Rxe4 Bf5 13. Re1 h6 14. Bxe7 Qxe7
15. c4 Bg4 16. Qd3 Qf7 17. Qe3 Bxf3 0-1

[Event "4ème Open des Basses Vallées Angevines"]
[Site "Cantenay-Epinard"]
[Date "2015.12.19"]
[Round "3.26"]
[White "Caillot, Arnaud"]
[Black "Pantenier, Bernard"]
[Result "1-0"]
[WhiteElo "1649"]
[BlackElo "1245"]
[PlyCount "34"]
[EventDate "2015.12.??"]
[EventRounds "5"]
[WhiteTeam "Olympic Club Montalbanais"]
[BlackTeam "La Cavale du Fou"]

1. d4 Nf6 2. c4 e6 3. Nc3 Bb4 4. Qc2 O-O 5. a3 Bxc3+ 6. Qxc3 c6 7. Bg5 Ne4 8.
Bxd8 Nxc3 9. Bh4 d5 10. bxc3 dxc4 11. e3 b6 12. Nf3 Nd7 13. Bg3 f6 14. Be2 Bb7
15. O-O Rad8 16. Rab1 a6 17. Bxc4 c5 1-0

[Event "4ème Open des Basses Vallées Angevines"]
[Site "Cantenay-Epinard"]
[Date "2015.12.19"]
[Round "3.27"]
[White "Bernardi, Pierre Yves"]
[Black "Giua, Marie"]
[Result "0-1"]
[WhiteElo "1180"]
[BlackElo "1380"]
[PlyCount "40"]
[EventDate "2015.12.??"]
[EventRounds "5"]
[WhiteTeam "L'Echiquier Angevin"]
[BlackTeam "Club d'Echecs d'Avoine"]

1. e4 c5 2. Bc4 Nc6 3. Nf3 d6 4. d4 cxd4 5. Nxd4 e5 6. Nf3 Nf6 7. Nc3 Be7 8.
Ng5 O-O 9. Nd5 Nxd5 10. exd5 Na5 11. Qh5 h6 12. Bd3 Bxg5 13. h4 Bxc1 14. Rxc1
b6 15. g4 e4 16. Bxe4 Re8 17. f3 Re5 18. g5 Qe7 19. gxh6 Rxh5 20. Rg1 Rxh6 0-1

[Event "4ème Open des Basses Vallées Angevines"]
[Site "Cantenay-Epinard"]
[Date "2015.12.19"]
[Round "3.28"]
[White "Bouleau, Henry"]
[Black "Lepretre, Ludovic"]
[Result "0-1"]
[WhiteElo "1330"]
[BlackElo "1115"]
[PlyCount "76"]
[EventDate "2015.12.??"]
[EventRounds "5"]
[WhiteTeam "Le Club d'Echecs des Basses Vallées Angevines"]
[BlackTeam "La Cavale du Fou"]

1. d4 d5 2. c4 Nf6 3. Nc3 dxc4 4. e3 Be6 5. Qa4+ Qd7 6. Qxd7+ Nbxd7 7. Nf3 h6
8. Nd2 Nb6 9. e4 O-O-O 10. d5 Bd7 11. Nxc4 Nxc4 12. Bxc4 e5 13. f3 Bc5 14. Bd2
g5 15. Be2 a6 16. O-O-O g4 17. f4 exf4 18. Bxf4 Rde8 19. h3 Nxe4 20. Rhe1 gxh3
21. gxh3 Nxc3 22. bxc3 Ba3+ 23. Kd2 Bxh3 24. Rh1 Bg2 25. Rxh6 Rxh6 26. Bxh6
Bxd5 27. Re1 Bxa2 28. Bg4+ Be6 29. Be2 Rd8+ 30. Kc2 Bf5+ 31. Kb3 Bd6 32. Bc4 b5
33. Bxf7 a5 34. Ka2 Rh8 35. Be6+ Bxe6+ 36. Rxe6 Kd7 37. Rg6 Kc6 38. Be3 Rh2+
0-1

[Event "4ème Open des Basses Vallées Angevines"]
[Site "Cantenay-Epinard"]
[Date "2015.12.19"]
[Round "4.1"]
[White "Peric, Slavisa"]
[Black "Salles, Louis"]
[Result "1-0"]
[WhiteElo "2183"]
[BlackElo "2166"]
[PlyCount "105"]
[EventDate "2015.12.??"]
[EventRounds "5"]
[WhiteTeam "CE Vitrolles"]
[BlackTeam "Echiquier Tourangeau"]

1. d4 d5 2. Nf3 Nf6 3. c4 c6 4. Nbd2 Bg4 5. Nh4 Be6 6. e3 g6 7. Be2 Bg7 8. O-O
O-O 9. Nhf3 Na6 10. cxd5 cxd5 11. Bxa6 bxa6 12. Qa4 Qb6 13. Nb3 Bd7 14. Qa3 Bb5
15. Re1 Rfe8 16. Bd2 Ne4 17. Ba5 Qb7 18. Bb4 g5 19. Nc5 Nxc5 20. Bxc5 g4 21.
Ne5 f6 22. Nd3 e5 23. Red1 Kh8 24. Rac1 Rad8 25. b3 Qf7 26. Qb4 h5 27. Qd2 h4
28. a4 Bd7 29. Bxa7 Qg6 30. Bb6 Rb8 31. a5 Bh6 32. dxe5 g3 33. Nf4 Bxf4 34.
exf4 Bg4 35. Re1 gxh2+ 36. Kxh2 Rg8 37. Rg1 Rb7 38. exf6 Bf5 39. Rc7 Rxc7 40.
Bxc7 Be4 41. f7 Qxf7 42. Be5+ Kh7 43. f3 Bf5 44. Rc1 Rd8 45. Qf2 Qe7 46. Qb6 d4
47. Bf6 Qe3 48. Rc7+ Rd7 49. Rxd7+ Bxd7 50. Qd6 Qe6 51. Qf8 Qg8 52. Qe7+ Kh6
53. Bxh4 1-0

[Event "4ème Open des Basses Vallées Angevines"]
[Site "Cantenay-Epinard"]
[Date "2015.12.19"]
[Round "4.3"]
[White "Batteux, Mickael"]
[Black "Andre, Victoria"]
[Result "1-0"]
[WhiteElo "2104"]
[BlackElo "1380"]
[PlyCount "87"]
[EventDate "2015.12.??"]
[EventRounds "5"]
[WhiteTeam "Fillé sur Sarthe"]
[BlackTeam "Chevau-légers de la Choisille"]

1. d4 Nf6 2. Nf3 g6 3. Nc3 Bg7 4. e4 d6 5. Be3 O-O 6. Qd2 Nbd7 7. Bh6 c5 8.
Bxg7 Kxg7 9. O-O-O Qc7 10. Kb1 a6 11. Re1 cxd4 12. Nxd4 b5 13. f3 Ne5 14. f4
Nc4 15. Bxc4 Qxc4 16. e5 dxe5 17. fxe5 Nd5 18. Nxd5 Qc5 19. Nb3 Qa7 20. Qe3 Qb7
21. Nb6 Rb8 22. Nxc8 Rbxc8 23. Qe4 Qc7 24. e6 f6 25. h4 Rfd8 26. g4 Qd6 27. g5
f5 28. Qe5+ Qxe5 29. Rxe5 Rc4 30. Re2 f4 31. Nc1 f3 32. Rf2 Rf8 33. Rh3 Rcf4
34. Nd3 Rg4 35. Rhxf3 Rxf3 36. Rxf3 Rxh4 37. Rf7+ Kg8 38. Rxe7 Kf8 39. Rf7+ Ke8
40. a3 Rh5 41. Nb4 Rxg5 42. Nxa6 Kd8 43. Rd7+ Kc8 44. Rxh7 1-0

[Event "4ème Open des Basses Vallées Angevines"]
[Site "Cantenay-Epinard"]
[Date "2015.12.19"]
[Round "4.4"]
[White "Le Pen, Steven"]
[Black "Pionnier, Camille"]
[Result "1-0"]
[WhiteElo "1967"]
[BlackElo "1547"]
[PlyCount "43"]
[EventDate "2015.12.??"]
[EventRounds "5"]
[WhiteTeam "Club d'Echecs de la Bruffière"]
[BlackTeam "Club d'Echecs d'Avoine"]

1. e4 c5 2. Nf3 d6 3. d4 cxd4 4. Nxd4 Nf6 5. Nc3 g6 6. Be3 Bg7 7. f3 O-O 8. Qd2
Nc6 9. g4 Bd7 10. O-O-O Rc8 11. Kb1 Ne5 12. h4 Nc4 13. Bxc4 Rxc4 14. h5 Nxg4
15. fxg4 Bxg4 16. Rdg1 Bxh5 17. Rxh5 e5 18. Nf5 Qf6 19. Nd5 Qe6 20. Nde7+ Kh8
21. Rxh7+ Kxh7 22. Rh1+ 1-0

[Event "4ème Open des Basses Vallées Angevines"]
[Site "Cantenay-Epinard"]
[Date "2015.12.19"]
[Round "4.5"]
[White "Boulart, Emilie"]
[Black "Kollar, Romain"]
[Result "0-1"]
[WhiteElo "1545"]
[BlackElo "1936"]
[PlyCount "152"]
[EventDate "2015.12.??"]
[EventRounds "5"]
[WhiteTeam "Carquefou Echecs"]
[BlackTeam "Club d'Echecs de la Bruffière"]

1. e4 c5 2. c3 d5 3. exd5 Qxd5 4. d4 Nf6 5. Nf3 Bg4 6. Be2 e6 7. Bf4 Nc6 8. O-O
Be7 9. dxc5 Bxc5 10. Nbd2 O-O 11. Nb3 Bb6 12. h3 Bh5 13. Qc2 Bg6 14. Qd2 Rfd8
15. Rfd1 Bxf2+ 16. Kh1 Qe4 17. Nfd4 e5 18. Bg5 exd4 19. Bf3 Be3 20. Bxe4 Bxd2
21. Bxf6 gxf6 22. Bxc6 dxc3 23. Bxb7 Rab8 24. bxc3 Bxc3 25. Rxd8+ Rxd8 26. Rc1
Be5 27. Rc8 Rxc8 28. Bxc8 Bb1 29. a3 Bb2 30. Nd2 Bc2 31. Nc4 Bc1 32. Bd7 Bd3
33. Bb5 Bf4 34. a4 Kf8 35. Nd6 Bxb5 36. Nxb5 Be3 37. g4 Ke7 38. Kg2 Kd7 39. Kf3
Bc5 40. Ke4 a6 41. Nc3 Ke6 42. Nd5 Bd6 43. Ne3 Bc7 44. Nf5 Bb6 45. Ng7+ Kd6 46.
Nh5 Ke7 47. Kf5 Bd4 48. Nf4 Kd6 49. Ke4 Bc3 50. Nd5 Bb2 51. Nb6 Kc5 52. a5 Kb5
53. h4 Bc3 54. Nd7 Kxa5 55. Kf5 Kb5 56. Nxf6 Bxf6 57. Kxf6 a5 58. Ke5 Kb4 59.
Kf6 a4 60. Kxf7 a3 61. Kg7 a2 62. Kxh7 a1=Q 63. g5 Qd4 64. h5 Qd7+ 65. Kh6 Qe8
66. g6 Qe7 67. g7 Qf7 68. Kh7 Qxh5+ 69. Kg8 Kc5 70. Kf8 Qf5+ 71. Ke7 Qg6 72.
Kf8 Qf6+ 73. Kg8 Kd6 74. Kh7 Qf7 75. Kh8 Qh5+ 76. Kg8 Ke6 0-1

[Event "4ème Open des Basses Vallées Angevines"]
[Site "Cantenay-Epinard"]
[Date "2015.12.19"]
[Round "4.6"]
[White "Andre, Emmanuel"]
[Black "Prot, Ludovic"]
[Result "0-1"]
[WhiteElo "1538"]
[BlackElo "1750"]
[PlyCount "98"]
[EventDate "2015.12.??"]
[EventRounds "5"]
[WhiteTeam "Chevau-légers de la Choisille"]
[BlackTeam "Aytré - La Rochelle Echecs"]

1. d4 Nf6 2. Nf3 g6 3. Bf4 Bg7 4. h3 d5 5. e3 c5 6. c3 Qb6 7. Qb3 c4 8. Qxb6
axb6 9. Nbd2 Nc6 10. Be2 b5 11. O-O b4 12. Ne5 bxc3 13. bxc3 Nxe5 14. Bxe5 O-O
15. Bf3 e6 16. Rfb1 Ra3 17. Bd6 Rxc3 18. Bxf8 Kxf8 19. Rc1 Rd3 20. Rc2 Bd7 21.
a4 c3 22. Be2 Rxd2 23. Rxd2 cxd2 24. Ra2 Ne4 25. f3 d1=Q+ 26. Bxd1 Nc3 27. Ra1
Nxd1 28. Rxd1 Bxa4 29. Ra1 Bc6 30. Kf2 Ke7 31. Kg3 e5 32. Rd1 f5 33. f4 exf4+
34. Kxf4 Ke6 35. Ra1 h6 36. h4 Bf6 37. g3 g5+ 38. hxg5 hxg5+ 39. Kf3 b5 40. Ra6
Kd6 41. Rb6 Kc7 42. Ra6 b4 43. Ra7+ Bb7 44. Ke2 Be7 45. Kd3 Bd6 46. Ra1 Bxg3
47. Rg1 f4 48. Rb1 Ba6+ 49. Kd2 f3 0-1

[Event "4ème Open des Basses Vallées Angevines"]
[Site "Cantenay-Epinard"]
[Date "2015.12.19"]
[Round "4.7"]
[White "Pineau, Mickael"]
[Black "Adam, Flavia"]
[Result "0-1"]
[WhiteElo "1694"]
[BlackElo "1541"]
[PlyCount "76"]
[EventDate "2015.12.??"]
[EventRounds "5"]
[WhiteTeam "Club d'Echecs de la Bruffière"]
[BlackTeam "Club d'Echecs d'Avoine"]

1. Nf3 d5 2. g3 c5 3. Bg2 Nc6 4. d3 e5 5. O-O h6 6. c4 d4 7. a3 a5 8. Re1 Bd6
9. Nbd2 Nf6 10. e3 O-O 11. exd4 exd4 12. b3 Bf5 13. Ne4 Nxe4 14. dxe4 Bg4 15.
h3 Bh5 16. Qd3 Qc7 17. Nh4 Ne5 18. Qd2 Be7 19. Nf5 Bf6 20. Nxh6+ gxh6 21. Qxh6
Bg6 22. f4 Nd3 23. Rd1 Nxc1 24. Raxc1 Qe7 25. h4 Bg7 26. Qg5 Qxg5 27. hxg5 Rad8
28. f5 Bh5 29. Rd2 Be5 30. Kf2 d3 31. Rh1 Be2 32. Ra2 Bd4+ 33. Ke1 Be3 34. e5
Bg4 35. Bd5 d2+ 36. Rxd2 Bxd2+ 37. Kxd2 Bf3 38. g6 Bxh1 0-1

[Event "4ème Open des Basses Vallées Angevines"]
[Site "Cantenay-Epinard"]
[Date "2015.12.19"]
[Round "4.8"]
[White "Garreau, Matheo"]
[Black "Joyeux, Gerard"]
[Result "0-1"]
[WhiteElo "1460"]
[BlackElo "1621"]
[PlyCount "58"]
[EventDate "2015.12.??"]
[EventRounds "5"]
[WhiteTeam "Le Club d'Echecs des Basses Vallées Angevines"]
[BlackTeam "Haute Bretagne Echecs"]

1. c4 Nf6 2. Nc3 b6 3. Nf3 Bb7 4. d3 e6 5. a3 h6 6. Bf4 d6 7. Qa4+ Nbd7 8.
O-O-O Be7 9. e4 e5 10. Be3 Ng4 11. h3 Nxe3 12. fxe3 c6 13. d4 O-O 14. dxe5 Qc7
15. exd6 Bxd6 16. b4 Ne5 17. Nxe5 Bxe5 18. Qc2 a5 19. Kb2 axb4 20. axb4 Qe7 21.
Kb3 b5 22. cxb5 cxb5 23. Bxb5 Rfc8 24. Bd3 Rxc3+ 25. Qxc3 Bxc3 26. Kxc3 Ra3+
27. Kc4 Qe6+ 28. Kd4 Qb3 29. Rhe1 Qc3# 0-1

[Event "4ème Open des Basses Vallées Angevines"]
[Site "Cantenay-Epinard"]
[Date "2015.12.19"]
[Round "4.9"]
[White "Delafenetre, Alexandre"]
[Black "Leguillon, Jean-Paul"]
[Result "1-0"]
[WhiteElo "1604"]
[BlackElo "1446"]
[PlyCount "97"]
[EventDate "2015.12.??"]
[EventRounds "5"]
[WhiteTeam "Echiquier Bleu Roi"]
[BlackTeam "Le Club d'Echecs des Basses Vallées Angevines"]

1. d4 Nf6 2. Nf3 d5 3. e3 Bg4 4. h3 Bh5 5. g4 Bg6 6. Ne5 e6 7. h4 Nbd7 8. h5
Nxe5 9. dxe5 Be4 10. f3 Nxg4 11. fxe4 Nxe5 12. exd5 exd5 13. Nc3 c6 14. Bd2 Qg5
15. Rh3 O-O-O 16. e4 Qf6 17. exd5 Bc5 18. Ne4 Qe7 19. Nxc5 Qxc5 20. dxc6 Nxc6
21. Qg4+ f5 22. Qc4 Rhe8+ 23. Be3 Rxe3+ 24. Rxe3 Qxe3+ 25. Qe2 Qg3+ 26. Qf2
Qxf2+ 27. Kxf2 Rd2+ 28. Kg3 Rxc2 29. Bd3 Rc5 30. Kf4 g6 31. Rg1 Ne7 32. hxg6
hxg6 33. Rh1 Kd7 34. Rh7 b5 35. b4 Rd5 36. Ke3 Ke6 37. Rh8 Kf6 38. Rb8 Kg5 39.
Bxb5 Re5+ 40. Kf3 f4 41. Be2 Re3+ 42. Kf2 Ra3 43. Bc4 Nc6 44. Rb5+ Kh4 45. Bf7
g5 46. Rb7 Nd4 47. Rd7 Nb5 48. Be6 g4 49. Rg7 1-0

[Event "4ème Open des Basses Vallées Angevines"]
[Site "Cantenay-Epinard"]
[Date "2015.12.19"]
[Round "4.10"]
[White "Potiron, Nathan"]
[Black "Gentilhomme, Loic"]
[Result "0-1"]
[WhiteElo "1388"]
[BlackElo "1588"]
[PlyCount "92"]
[EventDate "2015.12.??"]
[EventRounds "5"]
[WhiteTeam "Club d'Echecs de la Bruffière"]
[BlackTeam "Fillé sur Sarthe"]

1. d4 e6 2. Nf3 b6 3. g3 Bb7 4. Bg2 f5 5. O-O Nf6 6. c4 g6 7. Nc3 Bg7 8. h3 O-O
9. Be3 d6 10. Ng5 Bxg2 11. Nxe6 Qe7 12. Nxf8 Bxf1 13. Qxf1 Qxf8 14. Qg2 Na6 15.
a3 Qe8 16. b4 c6 17. Rd1 Ne4 18. Nxe4 Qxe4 19. Qxe4 fxe4 20. f4 exf3 21. exf3
Re8 22. Kf2 Nc7 23. Bf4 Re6 24. d5 cxd5 25. cxd5 Rf6 26. Rd3 h6 27. h4 Bf8 28.
Ke3 Rf7 29. g4 Ne8 30. Bg3 Re7+ 31. Kf2 Kf7 32. g5 h5 33. f4 Ng7 34. Rc3 Nf5
35. Rd3 Bg7 36. Kf1 Rc7 37. Kf2 Rc3 38. Rxc3 Bxc3 39. Kf3 b5 40. Bf2 a6 41. Ke2
Bb2 42. Kd3 Bxa3 43. Kc2 Bxb4 44. Kb3 Bd2 45. Ka3 Bxf4 46. Be1 Ne7 0-1

[Event "4ème Open des Basses Vallées Angevines"]
[Site "Cantenay-Epinard"]
[Date "2015.12.19"]
[Round "4.11"]
[White "Potiron, Nicolas"]
[Black "Tricarico, Pasquale"]
[Result "1/2-1/2"]
[WhiteElo "1577"]
[BlackElo "1399"]
[PlyCount "100"]
[EventDate "2015.12.??"]
[EventRounds "5"]
[WhiteTeam "Club d'Echecs de la Bruffière"]
[BlackTeam "L'Echiquier Angevin"]

1. d4 e6 2. c4 d5 3. e3 Nf6 4. Nf3 Bb4+ 5. Bd2 Bxd2+ 6. Nbxd2 O-O 7. Bd3 Nbd7
8. Qc2 dxc4 9. Nxc4 Nb6 10. Nce5 h6 11. g4 Qd5 12. Rg1 Qa5+ 13. Kd1 Nbd5 14. g5
Nb4 15. Qb1 Nxd3 16. Qxd3 hxg5 17. Rxg5 b6 18. Ng6 Qa4+ 19. b3 Qa6 20. Qxa6
Bxa6 21. Nxf8 Kxf8 22. Nd2 Nd5 23. Rc1 Rc8 24. a3 Bd3 25. Rh5 Ke7 26. Rh4 g5
27. Rg4 f6 28. e4 Nf4 29. Ke1 Ne2 30. Ra1 Nxd4 31. Rc1 Nc2+ 32. Rxc2 Bxc2 33.
b4 c5 34. f4 cxb4 35. axb4 a5 36. fxg5 fxg5 37. bxa5 bxa5 38. Rxg5 a4 39. Ra5
Rh8 40. e5 Rxh2 41. Ra7+ Kd8 42. Nc4 Rh4 43. Nd6 Bb3 44. Kd2 Rh2+ 45. Kc3 Rc2+
46. Kb4 Rc7 47. Nb7+ Kc8 48. Nd6+ Kd7 49. Ra5 Kc6 50. Rc5+ Kd7 1/2-1/2

[Event "4ème Open des Basses Vallées Angevines"]
[Site "Cantenay-Epinard"]
[Date "2015.12.19"]
[Round "4.12"]
[White "Gautier, Michel"]
[Black "Leblond, Georges"]
[Result "1-0"]
[WhiteElo "1574"]
[BlackElo "1350"]
[PlyCount "145"]
[EventDate "2015.12.??"]
[EventRounds "5"]
[WhiteTeam "La Cavale du Fou"]
[BlackTeam "L'Echiquier Angevin"]

1. d4 d5 2. c4 e5 3. dxe5 d4 4. Nf3 Nc6 5. e3 Bb4+ 6. Bd2 dxe3 7. fxe3 Bg4 8.
e6 Nh6 9. exf7+ Nxf7 10. Be2 Qe7 11. Bxb4 Qxb4+ 12. Qd2 O-O 13. Nc3 Bxf3 14.
gxf3 Nfe5 15. f4 Nxc4 16. Qd5+ Kh8 17. Qxc4 Qe7 18. Ne4 Rad8 19. Rd1 Qh4+ 20.
Ng3 Rde8 21. Qc3 Ne7 22. Kd2 Nd5 23. Qc5 Nxe3 24. Rde1 Qxf4 25. Kc3 Qf6+ 26.
Kb3 Ng2 27. Ref1 Re3+ 28. Kc2 Nf4 29. Qxe3 Qc6+ 30. Qc3 Qd7 31. Rxf4 Rxf4 32.
Rf1 Rf7 33. Rxf7 Qxf7 34. Qf3 Qg6+ 35. Qe4 Qxe4+ 36. Nxe4 Kg8 37. Nc3 c6 38.
Kd3 Kf7 39. Bf3 g5 40. h3 h6 41. Kd4 Kg6 42. Na4 Kf5 43. Bg4+ Kf4 44. Nc3 Kg3
45. Ne2+ Kh4 46. Ke4 h5 47. Bc8 b6 48. Kf3 c5 49. Nc3 g4+ 50. hxg4 hxg4+ 51.
Bxg4 Kg5 52. Bd7 Kf6 53. Bc8 Ke5 54. Ke3 Kd6 55. Nb5+ Kd5 56. Nxa7 c4 57. Nb5
Kc5 58. Nc3 b5 59. Nxb5 Kxb5 60. Be6 Kb4 61. Kd2 Kb5 62. Kc3 Kc5 63. Bxc4 Kb6
64. b4 Ka7 65. a4 Kb6 66. Bd5 Ka6 67. Kc4 Kb6 68. a5+ Ka7 69. b5 Kb8 70. Kc5
Ka7 71. a6 Kb8 72. Kb6 Kc8 73. a7 1-0

[Event "4ème Open des Basses Vallées Angevines"]
[Site "Cantenay-Epinard"]
[Date "2015.12.19"]
[Round "4.13"]
[White "Kollar, Guillaume"]
[Black "Deportes, Anouk"]
[Result "1-0"]
[WhiteElo "1333"]
[BlackElo "1565"]
[PlyCount "101"]
[EventDate "2015.12.??"]
[EventRounds "5"]
[WhiteTeam "Club d'Echecs de la Bruffière"]
[BlackTeam "L'Echiquier Angevin"]

1. e4 e5 2. Nf3 Nf6 3. d3 Nc6 4. Be2 h6 5. O-O Bc5 6. h3 O-O 7. a3 d5 8. exd5
Nxd5 9. b4 Bb6 10. c4 Ndxb4 11. axb4 Nxb4 12. Ba3 c5 13. Nxe5 Qd4 14. Nd2 Qxe5
15. Nb3 Na6 16. Qd2 Rd8 17. f4 Qc7 18. Bb2 f6 19. g4 Be6 20. Qc3 Rac8 21. Rf3
Qe7 22. Re1 Bc7 23. Bf1 Qd6 24. Rd1 Rd7 25. d4 cxd4 26. Rxd4 Qb4 27. Rxd7 Qxc3
28. Rxg7+ Kxg7 29. Bxc3 Bb6+ 30. Bd4 Bxd4+ 31. Nxd4 Bxc4 32. Rc3 b5 33. Nf5+
Kh7 34. Nd6 Rc6 35. Bd3+ Kg8 36. Nxc4 bxc4 37. Rxc4 Rxc4 38. Bxc4+ Kg7 39. Bxa6
f5 40. Kg2 Kf6 41. Kg3 fxg4 42. hxg4 Kg7 43. Bc8 a5 44. Bf5 Kf6 45. Bc2 Kg7 46.
f5 Kf6 47. Kf4 Kg7 48. Ke5 Kf7 49. Bb3+ Ke7 50. f6+ Kf8 51. Kf5 1-0